<?xml version="1.0" encoding="UTF-8"?>
<collection xmlns="http://www.loc.gov/MARC21/slim">
 <record>
  <leader>01016nam a2200193 i 4500</leader>
  <controlfield tag="001">1/11186</controlfield>
  <controlfield tag="008">780815s1978    enka     b   i10010 eng  </controlfield>
  <datafield tag="020" ind1=" " ind2=" ">
   <subfield code="a">0080223915</subfield>
  </datafield>
  <datafield tag="035" ind1=" " ind2=" ">
   <subfield code="l">11540</subfield>
  </datafield>
  <datafield tag="040" ind1=" " ind2=" ">
   <subfield code="a">GR-PeUP</subfield>
  </datafield>
  <datafield tag="082" ind1="0" ind2="0">
   <subfield code="a">690.072 SE</subfield>
  </datafield>
  <datafield tag="111" ind1="2" ind2=" ">
   <subfield code="a">Seminar on Building Research Policies,</subfield>
   <subfield code="c">Gavle, Sweden,</subfield>
   <subfield code="d">1977.</subfield>
  </datafield>
  <datafield tag="245" ind1="1" ind2="0">
   <subfield code="a">Building research policies :</subfield>
   <subfield code="b">proceedings of a Seminar on Building Research Policies /</subfield>
   <subfield code="c">organized by the Committee on Housing, Building and Planning of the United Nations Economic Commission for Europe, with the Swedish Government as host, Gavle, Sweden, 23-27 May, 1977.</subfield>
  </datafield>
  <datafield tag="260" ind1="0" ind2=" ">
   <subfield code="a">Oxford [Eng.] ;</subfield>
   <subfield code="a">New York :</subfield>
   <subfield code="b">Published by Pergamon Press for the United Nations,</subfield>
   <subfield code="c">1978.</subfield>
  </datafield>
  <datafield tag="300" ind1=" " ind2=" ">
   <subfield code="a">xix, 170 p. :</subfield>
   <subfield code="b">ill. ;</subfield>
   <subfield code="c">25 cm.</subfield>
  </datafield>
  <datafield tag="504" ind1=" " ind2=" ">
   <subfield code="a">Includes bibliographical references.</subfield>
  </datafield>
  <datafield tag="650" ind1=" " ind2="4">
   <subfield code="a">Building</subfield>
   <subfield code="x">Research</subfield>
   <subfield code="x">Congresses.</subfield>
  </datafield>
  <datafield tag="710" ind1="2" ind2="0">
   <subfield code="a">United Nations.</subfield>
   <subfield code="b">Economic Commission for Europe.</subfield>
   <subfield code="b">Committee on Housing Building and Planning.</subfield>
  </datafield>
  <datafield tag="852" ind1=" " ind2=" ">
   <subfield code="a">INST</subfield>
   <subfield code="b">UNIPILB</subfield>
   <subfield code="c">MAIN</subfield>
   <subfield code="e">20040709</subfield>
   <subfield code="h">690.072 SE</subfield>
   <subfield code="p">00106926</subfield>
   <subfield code="q">00106926</subfield>
   <subfield code="t">LOAN</subfield>
   <subfield code="y">0</subfield>
   <subfield code="4">1</subfield>
  </datafield>
 </record>
</collection>
